Minnesota Vikings Statistical Leaders since 2000 (NFL) - Statistics

General Stats
  • This quiz has been taken 45 times
    9 since last reset
  • The average score is 217 of 312
Answer Stats
Category Year Stat Answer % Correct
Interceptions 2006 4 3-Way Tie
100%
Receiving TDs 2019 6 3-Way Tie
100%
Interceptions 2025 2 3-Way Tie
100%
Rushing Attempts 2024 255 Aaron Jones
100%
Rushing Yards 2024 1138 Aaron Jones
100%
Rushing TDs 2024 5 Aaron Jones
100%
Rushing Attempts 2007 238 Adrian Peterson
100%
Rushing Yards 2007 1341 Adrian Peterson
100%
Rushing TDs 2007 12 Adrian Peterson
100%
Rushing Attempts 2008 363 Adrian Peterson
100%
Rushing Yards 2008 1760 Adrian Peterson
100%
Rushing TDs 2008 10 Adrian Peterson
100%
Rushing Attempts 2009 314 Adrian Peterson
100%
Rushing Yards 2009 1383 Adrian Peterson
100%
Rushing TDs 2009 18 Adrian Peterson
100%
Rushing Attempts 2010 283 Adrian Peterson
100%
Rushing Yards 2010 1298 Adrian Peterson
100%
Rushing TDs 2010 12 Adrian Peterson
100%
Rushing Attempts 2011 208 Adrian Peterson
100%
Rushing Yards 2011 970 Adrian Peterson
100%
Rushing TDs 2011 12 Adrian Peterson
100%
Rushing Attempts 2012 348 Adrian Peterson
100%
Rushing Yards 2012 2097 Adrian Peterson
100%
Rushing TDs 2012 12 Adrian Peterson
100%
Rushing Attempts 2013 279 Adrian Peterson
100%
Rushing Yards 2013 1266 Adrian Peterson
100%
Rushing TDs 2013 10 Adrian Peterson
100%
Rushing Attempts 2015 327 Adrian Peterson
100%
Rushing Yards 2015 1485 Adrian Peterson
100%
Rushing TDs 2015 11 Adrian Peterson
100%
Passing Yards 2017 3547 Case Keenum
100%
Passing TDs 2017 22 Case Keenum
100%
Interceptions Thrown 2017 7 Case Keenum
100%
Rushing Yards 2018 615 Dalvin Cook
100%
Rushing Attempts 2019 250 Dalvin Cook
100%
Rushing Yards 2019 1135 Dalvin Cook
100%
Rushing TDs 2019 13 Dalvin Cook
100%
Rushing Attempts 2020 312 Dalvin Cook
100%
Rushing Yards 2020 1557 Dalvin Cook
100%
Rushing TDs 2020 16 Dalvin Cook
100%
Rushing Attempts 2021 249 Dalvin Cook
100%
Rushing Yards 2021 1159 Dalvin Cook
100%
Rushing TDs 2021 6 Dalvin Cook
100%
Rushing Attempts 2022 264 Dalvin Cook
100%
Rushing Yards 2022 1173 Dalvin Cook
100%
Rushing TDs 2022 8 Dalvin Cook
100%
Interceptions 2014 5 Harrison Smith
100%
Interceptions 2017 5 Harrison Smith
100%
Interceptions 2020 5 Harrison Smith
100%
Passing Yards 2025 1632 J.J. McCarthy
100%
Passing TDs 2025 11 J.J. McCarthy
100%
Interceptions Thrown 2025 12 J.J. McCarthy
100%
Receiving TDs 2023 10 Jordan Addison
100%
Receiving Yards 2020 1400 Justin Jefferson
100%
Receptions 2020 88 Justin Jefferson
100%
Receiving Yards 2021 1616 Justin Jefferson
100%
Receptions 2021 108 Justin Jefferson
100%
Receiving Yards 2022 1809 Justin Jefferson
100%
Receiving TDs 2022 8 Justin Jefferson
100%
Receptions 2022 128 Justin Jefferson
100%
Receiving Yards 2023 1074 Justin Jefferson
100%
Receiving Yards 2024 1533 Justin Jefferson
100%
Receiving TDs 2024 10 Justin Jefferson
100%
Receptions 2024 103 Justin Jefferson
100%
Receiving Yards 2025 1048 Justin Jefferson
100%
Receptions 2025 84 Justin Jefferson
100%
Passing Yards 2018 4298 Kirk Cousins
100%
Passing TDs 2018 30 Kirk Cousins
100%
Interceptions Thrown 2018 10 Kirk Cousins
100%
Passing Yards 2019 3603 Kirk Cousins
100%
Passing TDs 2019 26 Kirk Cousins
100%
Interceptions Thrown 2019 6 Kirk Cousins
100%
Passing Yards 2020 4265 Kirk Cousins
100%
Passing TDs 2020 35 Kirk Cousins
100%
Interceptions Thrown 2020 13 Kirk Cousins
100%
Passing Yards 2021 4221 Kirk Cousins
100%
Passing TDs 2021 33 Kirk Cousins
100%
Interceptions Thrown 2021 7 Kirk Cousins
100%
Passing Yards 2022 4547 Kirk Cousins
100%
Passing TDs 2022 29 Kirk Cousins
100%
Interceptions Thrown 2022 14 Kirk Cousins
100%
Passing Yards 2023 2331 Kirk Cousins
100%
Passing TDs 2023 18 Kirk Cousins
100%
Rushing Attempts 2004 124 Onterrio Smith
100%
Rushing Yards 2004 544 Onterrio Smith
100%
Receiving Yards 2000 1437 Randy Moss
100%
Receiving TDs 2000 15 Randy Moss
100%
Receiving Yards 2001 1233 Randy Moss
100%
Receiving TDs 2001 10 Randy Moss
100%
Receptions 2001 82 Randy Moss
100%
Receiving Yards 2002 1347 Randy Moss
100%
Receiving TDs 2002 7 Randy Moss
100%
Receptions 2002 106 Randy Moss
100%
Receiving Yards 2003 1632 Randy Moss
100%
Receiving TDs 2003 17 Randy Moss
100%
Receptions 2003 111 Randy Moss
100%
Receiving TDs 2004 13 Randy Moss
100%
Rushing Attempts 2000 295 Robert Smith
100%
Rushing Yards 2000 1521 Robert Smith
100%
Passing Yards 2016 3877 Sam Bradford
100%
Passing TDs 2016 20 Sam Bradford
100%
Interceptions Thrown 2016 5 Sam Bradford
100%
Passing Yards 2024 4319 Sam Darnold
100%
Passing TDs 2024 35 Sam Darnold
100%
Interceptions Thrown 2024 12 Sam Darnold
100%
Receiving Yards 2015 720 Stefon Diggs
100%
Receptions 2015 52 Stefon Diggs
100%
Receptions 2016 84 Stefon DIggs
100%
Receiving Yards 2019 1130 Stefon Diggs
100%
Receptions 2019 63 Stefon Diggs
100%
Rushing TDs 2000 7 Tie
100%
Rushing TDs 2003 5 Tie
100%
Interceptions 2007 4 Tie
100%
Interceptions 2012 3 Tie
100%
Receiving TDs 2017 8 Tie
100%
Receiving TDs 2018 9 Tie
100%
Interceptions 2018 3 Tie
100%
Receiving TDs 2021 10 Tie
100%
Interceptions 2022 5 Tie
100%
Receptions 2023 95 T.J. Hockenson
100%
Receiving Yards 2016 967 Adam Thielen
80%
Receiving Yards 2017 1276 Adam Thielen
80%
Receptions 2017 91 Adam Thielen
80%
Receiving Yards 2018 1373 Adam Thielen
80%
Receptions 2018 113 Adam Thielen
80%
Receiving TDs 2020 14 Adam Thielen
80%
Passing Yards 2009 4202 Brett Favre
80%
Passing TDs 2009 33 Brett Favre
80%
Interceptions Thrown 2009 7 Brett Favre
80%
Passing Yards 2010 2509 Brett Favre
80%
Passing TDs 2010 11 Brett Favre
80%
Interceptions Thrown 2010 19 Brett Favre
80%
Passing Yards 2011 1853 Christian Ponder
80%
Passing TDs 2011 13 Christian Ponder
80%
Interceptions Thrown 2011 13 Christian Ponder
80%
Passing Yards 2012 2935 Christian Ponder
80%
Passing TDs 2012 18 Christian Ponder
80%
Interceptions Thrown 2012 12 Christian Ponder
80%
Receptions 2000 96 Cris Carter
80%
Sacks 2025 8 Dallas Turner
80%
Sacks 2016 12.5 Danielle Hunter
80%
Sacks 2018 14.5 Danielle Hunter
80%
Sacks 2019 14.5 Danielle Hunter
80%
Sacks 2022 10.5 Danielle Hunter
80%
Sacks 2023 16.5 Danielle Hunter
80%
Passing Yards 2000 3937 Daunte Culpepper
80%
Passing TDs 2000 33 Daunte Culpepper
80%
Interceptions Thrown 2000 16 Daunte Culpepper
80%
Passing Yards 2001 2612 Daunte Culpepper
80%
Passing TDs 2001 14 Daunte Culpepper
80%
Interceptions Thrown 2001 13 Daunte Culpepper
80%
Rushing TDs 2001 5 Daunte Culpepper
80%
Passing Yards 2002 3853 Daunte Culpepper
80%
Passing TDs 2002 18 Daunte Culpepper
80%
Interceptions Thrown 2002 23 Daunte Culpepper
80%
Passing Yards 2003 3479 Daunte Culpepper
80%
Passing TDs 2003 25 Daunte Culpepper
80%
Interceptions Thrown 2003 11 Daunte Culpepper
80%
Passing Yards 2004 4717 Daunte Culpepper
80%
Passing TDs 2004 39 Daunte Culpepper
80%
Interceptions Thrown 2004 11 Daunte Culpepper
80%
Interceptions Thrown 2005 12 Daunte Culpepper
80%
Rushing Attempts 2025 159 Jordan Mason
80%
Rushing Yards 2025 758 Jordan Mason
80%
Rushing TDs 2025 6 Jordan Mason
80%
Passing Yards 2007 1911 Tarvaris Jackson
80%
Passing TDs 2007 9 Tarvaris Jackson
80%
Interceptions Thrown 2007 12 Tarvaris Jackson
80%
Passing Yards 2014 2919 Teddy Bridgewater
80%
Passing TDs 2014 14 Teddy Bridgewater
80%
Interceptions Thrown 2014 12 Teddy Bridgewater
80%
Passing Yards 2015 3231 Teddy Bridgewater
80%
Passing TDs 2015 14 Teddy Bridgewater
80%
Interceptions Thrown 2015 9 Teddy Bridgewater
80%
Interceptions Thrown 2013 9 Tie
80%
Interceptions 2008 2 4-Way Tie
60%
Rushing Attempts 2023 180 Alexander Mattison
60%
Rushing Yards 2023 700 Alexander Mattison
60%
Interceptions 2004 3 Antoine Winfield
60%
Total Tackles 2005 98 Antoine Winfield
60%
Total Tackles 2024 112 Blake Cashman
60%
Total Tackles 2025 144 Blake Cashman
60%
Passing Yards 2005 1885 Brad Johnson
60%
Passing TDs 2005 12 Brad Johnson
60%
Passing Yards 2006 2750 Brad Johnson
60%
Passing TDs 2006 9 Brad Johnson
60%
Interceptions Thrown 2006 15 Brad Johnson
60%
Interceptions 2023 3 Byron Murphy
60%
Interceptions 2024 6 Byron Murphy
60%
Total Tackles 2015 92 Eric Kendricks
60%
Total Tackles 2016 109 Eric Kendricks
60%
Total Tackles 2017 113 Eric Kendricks
60%
Total Tackles 2018 108 Eric Kendricks
60%
Total Tackles 2019 110 Eric Kendricks
60%
Total Tackles 2021 143 Eric Kendricks
60%
Total Tackles 2022 137 Eric Kendricks
60%
Sacks 2008 14.5 Jared Allen
60%
Sacks 2009 14.5 Jared Allen
60%
Sacks 2010 11 Jared Allen
60%
Sacks 2011 22 Jared Allen
60%
Sacks 2012 12 Jared Allen
60%
Sacks 2013 11.5 Jared Allen
60%
Sacks 2024 12 Jonathan Greenard
60%
Receiving TDs 2012 9 Kyle Rudolph
60%
Receiving TDs 2015 5 Kyle Rudolph
60%
Receiving TDs 2016 7 Kyle Rudolph
60%
Passing Yards 2013 1807 Matt Cassel
60%
Passing TDs 2013 11 Matt Cassel
60%
Receiving Yards 2010 868 Percy Harvin
60%
Receiving TDs 2010 5 Percy Harvin
60%
Receptions 2010 71 Percy Harvin
60%
Receiving Yards 2011 967 Percy Harvin
60%
Receiving TDs 2011 6 Percy Harvin
60%
Receptions 2011 87 Percy Harvin
60%
Receiving Yards 2012 677 Percy Harvin
60%
Receptions 2012 62 Percy Harvin
60%
Receiving TDs 2013 4 Tie
60%
Interceptions 2021 3 Tie
60%
Rushing TDs 2023 3 Tie
60%
Interceptions 2016 5 Xavier Rhodes
60%
Receiving Yards 2008 964 Bernard Berrian
40%
Interceptions 2009 4 Cedric Griffin
40%
Total Tackles 2008 116 Chad Greenway
40%
Total Tackles 2009 99 Chad Greenway
40%
Total Tackles 2010 144 Chad Greenway
40%
Total Tackles 2011 154 Chad Greenway
40%
Total Tackles 2012 148 Chad Greenway
40%
Total Tackles 2013 134 Chad Greenway
40%
Interceptions 2013 3 Chad Greenway
40%
Rushing Attempts 2006 303 Chester Taylor
40%
Rushing Yards 2006 1216 Chester Taylor
40%
Rushing TDs 2006 6 Chester Taylor
40%
Interceptions 2005 9 Darren Sharper
40%
Sacks 2021 8 D.J. Wonnum
40%
Total Tackles 2020 122 Eric Wilson
40%
Sacks 2014 12 Everson Griffen
40%
Sacks 2015 10.5 Everson Griffen
40%
Sacks 2017 13 Everson Griffen
40%
Receiving Yards 2013 804 Greg Jennings
40%
Receptions 2013 68 Greg Jennings
40%
Receiving Yards 2014 742 Greg Jennings
40%
Receiving TDs 2014 6 Greg Jennings
40%
Receptions 2014 59 Greg Jennings
40%
Sacks 2003 10.5 Kevin Williams
40%
Sacks 2004 11.5 Kevin Williams
40%
Rushing Attempts 2017 216 Latavius Murray
40%
Rushing Yards 2017 842 Latavius Murray
40%
Rushing TDs 2017 8 Latavius Murray
40%
Rushing Attempts 2018 140 Latavius Murray
40%
Rushing TDs 2018 6 Latavius Murray
40%
Receiving TDs 2005 5 Marcus Robinson
40%
Receiving TDs 2006 4 Marcus Robinson
40%
Rushing Attempts 2014 164 Matt Asiata
40%
Rushing Yards 2014 570 Matt Asiata
40%
Rushing TDs 2014 9 Matt Asiata
40%
Rushing TDs 2016 6 Matt Asiata
40%
Rushing Attempts 2005 155 Mewelde Moore
40%
Rushing Yards 2005 662 Mewelde Moore
40%
Rushing TDs 2002 11 Moe Williams
40%
Rushing Attempts 2003 174 Moe Williams
40%
Rushing Yards 2003 745 Moe Williams
40%
Rushing TDs 2004 3 Moe Williams
40%
Interceptions Thrown 2023 8 Nick Mullens
40%
Receiving TDs 2007 4 Sidney Rice
40%
Receiving Yards 2009 1312 Sidney Rice
40%
Receptions 2009 83 Sidney Rice
40%
Receiving TDs 2008 7 Tie
40%
Receiving Yards 2005 604 Travis Taylor
40%
Receiving Yards 2006 651 Travis Taylor
40%
Receptions 2006 57 Travis Taylor
40%
Sacks 2007 5 3-Way Tie
20%
Interceptions 2019 6 Anthony Harris
20%
Receiving Yards 2007 647 Bobby Wade
20%
Receptions 2007 54 Bobby Wade
20%
Receptions 2008 53 Bobby Wade
20%
Total Tackles 2003 95 Brian Russell
20%
Interceptions 2003 9 Brian Russell
20%
Total Tackles 2023 137 Camryn Bynum
20%
Sacks 2001 6 Chris Hovan
20%
Sacks 2006 5.5 Darrion Scott
20%
Total Tackles 2000 119 Ed McDaniel
20%
Total Tackles 2004 94 E.J. Henderson
20%
Total Tackles 2006 110 E.J. Henderson
20%
Total Tackles 2007 119 E.J. Henderson
20%
Total Tackles 2002 101 Greg Biekert
20%
Interceptions 2002 4 Greg Biekert
20%
Passing Yards 2008 2157 Gus Frerotte
20%
Passing TDs 2008 12 Gus Frerotte
20%
Interceptions Thrown 2008 15 Gus Frerotte
20%
Rushing Attempts 2016 159 Jerick McKinnon
20%
Rushing Yards 2016 539 Jerick McKinnon
20%
Sacks 2000 8 John Randle
20%
Rushing Attempts 2001 172 Michael Bennett
20%
Rushing Yards 2001 682 Michael Bennett
20%
Rushing Attempts 2002 255 Michael Bennett
20%
Rushing Yards 2002 1296 Michael Bennett
20%
Receiving Yards 2004 1006 Nate Burleson
20%
Interceptions 2015 3 Terence Newman
20%
Interceptions 2001 2 Tie
20%
Interceptions 2010 3 Tie
20%
Receiving TDs 2025 4 Tie
20%
Receiving TDs 2009 11 Visanthe Shiancoe
20%
Rushing TDs 2005 4 Ciatrick Fason
0%
Interceptions 2011 2 Jamarca Sanford
0%
Receptions 2004 71 Jermaine Wiggins
0%
Receptions 2005 69 Jermaine Wiggins
0%
Total Tackles 2001 99 Kailee Wong
0%
Sacks 2002 7 Lance Johnstone
0%
Sacks 2005 7.5 Lance Johnstone
0%
Total Tackles 2014 106 Robert Blanton
0%
Interceptions 2000 2 Tie
0%
Sacks 2020 5 Yannick Ngakoue
0%
No matching quizzes found
Score Distribution
Percent of People with Each Score
Percentile by Number Answered
Your Score History
You have not taken this quiz since the last reset